Caracterización del problema socioeconómico mundial y sus repercusiones en los países pobres

Salvato in:
Dettagli Bibliografici
Autore principale: Girón, Vitalino
Natura: testo
Pubblicazione: Guatemala :
Soggetti:
Tags: Aggiungi Tag
Nessun Tag, puoi essere il primo ad aggiungerne!!

MARC

LEADER 00000 a a2200000 04500
001 14741
003
040
090 |a 022300  
100 |a Girón, Vitalino  
245 |a Caracterización del problema socioeconómico mundial y sus repercusiones en los países pobres  
260 |a Guatemala :  
300 |a 35 p.  
650 |a DESARROLLO ECONOMICO Y SOCIAL  
650 |a PAISES EN DESARROLLO  
999 |c 12764  |d 12764